Countries by Partial Satellite Image #2 - Statistics

General Stats
  • This quiz has been taken 47,010 times
    46,980 since last reset
  • The average score is 10 of 15
Answer Stats
Picture Answer % Correct
United States
97%
Japan
93%
Mexico
92%
New Zealand
88%
Brazil
87%
Denmark
87%
Morocco
86%
United Kingdom
83%
Spain
66%
Sri Lanka
56%
Venezuela
47%
Sweden
46%
Papua New Guinea
39%
South Africa
31%
Vietnam
26%
No matching quizzes found
Score Distribution
Percent of People with Each Score
Percentile by Number Answered
Your Score History
You have not taken this quiz since the last reset